Statistics for 2012 Boston Celtics Roster

Click here to take the quiz!

General Stats

  • This quiz has been taken 658 times
    (647 since last reset)
  • The average score is 7 of 17

Answer Stats

Answer % Correct
Paul Pierce
98%
Rajon Rondo
97%
Kevin Garnett
97%
Ray Allen
93%
Brandon Bass
55%
Avery Bradley
54%
Jermaine O'Neal
38%
Keyon Dooling
26%
Marquis Daniels
23%
JaJuan Johnson
23%
Mickaël Piétrus
23%
Greg Stiemsma
18%
E'Twaun Moore
16%
Chris Wilcox
16%
Ryan Hollins
15%
Sasha Pavlović
13%
Sean Williams
12%

Score Distribution

Percentile by Number Answered

Percent of People with Each Score

Your Score History

You have not taken this quiz since the last reset